MARC

LEADER 00000nam0a2200000 4500
001 354122
005 20231102010647.0
035 |a (RuTPU)RU\TPU\retro\11380 
090 |a 354122 
100 |a 20200616d1943 k y0rusy50 ca 
101 0 |a rus 
102 |a RU 
105 |a a z 001zy 
200 1 |a Специальные установки по хлорированию и дехлорированию воды большими дозами  |f П. В. Мозжухин, М. П. Сергеев  |g под общ. ред. А. С. Когана 
210 |a Москва  |a Ленинград  |c Издательство Наркомхоза РСФСР  |d 1943 
215 |a 128 с.  |c ил. 
300 |a Подписано к печати 30/I 1943 
320 |a Библиогр. в конце кн. 
606 1 |a Вода  |x Очистка  |2 stltpush  |3 (RuTPU)RU\TPU\subj\2661  |9 31199 
606 1 |a Вода  |x Хлорирование  |2 stltpush  |3 (RuTPU)RU\TPU\subj\2683  |9 31221 
610 1 |a водопроводные станции 
610 1 |a очищенные воды 
610 1 |a дезинфекция 
610 1 |a аппаратура 
610 1 |a установки 
610 1 |a оборудование 
610 1 |a конструирование 
610 1 |a эксплуатация 
610 1 |a хлор 
610 1 |a дозы 
610 1 |a очистные сооружения 
610 1 |a трубопроводы 
610 1 |a бактериальная загрязненность 
610 1 |a заражение 
610 1 |a отравления 
610 1 |a фильтраты 
610 1 |a пробы 
610 1 |a лабораторный контроль 
610 1 |a испарители 
610 1 |a бочки 
610 1 |a изготовление 
610 1 |a технические условия 
610 1 |a Великая Отечественная война 1941-1945 
610 1 |a коллекция: 1941-1945 гг. 
675 |a 628.16  |v 3 
675 |a 628.16.09  |v 3 
700 1 |a Мозжухин  |b П. В. 
701 1 |a Сергеев  |b М. П. 
702 1 |a Коган  |b А. С.  |4 340 
801 1 |a RU  |b 63413507  |c 20200616 
801 2 |a RU  |b 63413507  |c 20200619  |g RCR 
942 |c BK